Sell: The Art, The Science, The Witchcraft. (Record no. 95681)
[ view plain ]
| 000 -LEADER | |
|---|---|
| fixed length control field | 00522nam a2200205Ia 4500 |
| 008 - FIXED-LENGTH DATA ELEMENTS--GENERAL INFORMATION | |
| fixed length control field | 230125s9999 xx 000 0 und d |
| 020 ## - INTERNATIONAL STANDARD BOOK NUMBER | |
| International Standard Book Number | 9789350095829 |
| 041 ## - LANGUAGE CODE | |
| Language code of text/sound track or separate title | eng |
| 082 ## - DEWEY DECIMAL CLASSIFICATION NUMBER | |
| Classification number | 658.81 |
| Item number | BAG |
| 100 ## - MAIN ENTRY--PERSONAL NAME | |
| Personal name | Bagchi S |
| 9 (RLIN) | 113403 |
| 245 ## - TITLE STATEMENT | |
| Title | Sell: The Art, The Science, The Witchcraft. |
| 260 ## - PUBLICATION, DISTRIBUTION, ETC. (IMPRINT) | |
| Date of publication, distribution, etc. | 2017 |
| Name of publisher, distributor, etc. | Hachette Book. |
| Place of publication, distribution, etc. | Gurugram |
| 300 ## - PHYSICAL DESCRIPTION | |
| Extent | 244p |
| 440 ## - SERIES STATEMENT/ADDED ENTRY--TITLE | |
| Volume/sequential designation | 1 |
| 500 ## - GENERAL NOTE | |
| Keywords | Sales management; |
| 650 ## - SUBJECT ADDED ENTRY--TOPICAL TERM | |
| Topical term or geographic name as entry element | Marketing Management |
| 700 ## - ADDED ENTRY--PERSONAL NAME | |
| Personal name | Bagchi S |
| 9 (RLIN) | 113403 |
| 906 ## - LOCAL DATA ELEMENT F, LDF (RLIN) | |
| b | 29 |
| Withdrawn status | Lost status | Damaged status | Not for loan | Home library | Current library | Date acquired | Vendor | Cost, normal purchase price | Bill number | Total Checkouts | Full call number | Barcode | Date last seen | Cost, replacement price | Bill Date | Koha item type | Original Barcode |
|---|---|---|---|---|---|---|---|---|---|---|---|---|---|---|---|---|---|
| Smt. Hiraben Nanavati Institute of Management & Research for Women | Smt. Hiraben Nanavati Institute of Management & Research for Women | 07/03/2018 | Pritam Book Centre | 499.00 | 10524 | 658.81 BAG B15905 | HIMR-BK-15905 | 25/01/2023 | 470.00 | 19/01/2018 | Books | B15905 |